Normal view
MARC view
Entry Personal Name
001 - CONTROL NUMBER
- control field: 89270
003 - CONTROL NUMBER IDENTIFIER
- control field: dpl
005 - DATE AND TIME OF LATEST TRANSACTION
- control field: 20260603120936.0
008 - FIXED-LENGTH DATA ELEMENTS
- fixed length control field: 260603|| aca||aabn | a|a d
040 ## - CATALOGING SOURCE
- Original cataloging agency: dpl
- Transcribing agency: dpl
100 ## - HEADING--PERSONAL NAME
- Personal name: Patil, Pratik
670 ## - SOURCE DATA FOUND
- Source citation: Work cat.: (dpl)216467: Patil, Pratik, Official Secret's A Corporate Life/, 2022
